00320nam a2200121Ia 4500008004100000020001800041041000800059082002700067100001000094245004100104260004500145300000800190230519s9999 xx 000 0 und d a9788181914743 aeng aCH/610.7343/DAS/DB0808 aDas P aTextbook Of Community Health Nursing bParas Medical PublisheraHyderabadc2017 a606